| 000 | 01123nam a2200229Ii 4500 | ||
|---|---|---|---|
| 003 | JO-AjNU | ||
| 008 | 230605s9999||||xx |||||||||||||| ||und|| | ||
| 017 | _a2014/2321 | ||
| 020 | _a978-977-473-079-5 | ||
| 040 |
_aJO-AjNU _bara _erda _cJO-AjNU |
||
| 041 | _aara | ||
| 050 | 1 | 4 | _aHQ799.8 2014 |
| 100 | 3 |
_aملتقى دور الشباب في التنمية البشرية . 2013 : بغداد، العراق) , _eauthor _952045 |
|
| 245 | 0 | 0 | _aدور الدولة في تنمية الشباب العربي: بحوث وأوراق ملتقى دور الشباب في التنمية البشرية) بغداد، جمهورية العراق، ديسمبر 2013 |
| 264 | 3 | 1 | _aالقاهرة: المنظمة العربية للتنمية الادارية، 2014 |
| 300 |
_a391ص _bيحتوي على ببلوغرافية من 388-391ص |
||
| 336 |
_atext _btxt _2rdacontent |
||
| 337 |
_aunmediated _bn _2rdamedia |
||
| 338 |
_avolume _bnc _2rdacarrier |
||
| 490 | 0 | _aمطبوعات المنظمة العربية للتنمية الإدارية. أعمال المؤتمرات | |
| 650 | 4 |
_aالشباب - تنمية _952046 |
|
| 999 |
_aA23031 _c26599 _d26599 |
||